| 000 | 00342cam a22001217a 4500 | ||
|---|---|---|---|
| 008 | 180718b1974 xxu||||| |||| 00| 0 eng d | ||
| 082 | _aT2x54 G346c | ||
| 100 | _aGhosh, B. | ||
| 245 |
_aThe changing profile of India's industrial economy _cby B. Ghosh |
||
| 260 |
_aCalcutta _bWorld Press _c1974 |
||
| 300 | _a458p. | ||
| 650 | _aIndustry - India | ||
| 999 |
_c345343 _d345343 |
||